| 000 | 00615nam a2200205 a 4500 | ||
|---|---|---|---|
| 005 | 20220916063558.0 | ||
| 008 | 140401s2007 mx r 000 0 spa d | ||
| 020 | _a9789707708594 | ||
| 035 | _aUPN01000196748 | ||
| 049 | _aI | ||
| 050 | 4 |
_aPZ74.9 _bJ5.5 |
|
| 100 | 1 |
_aJi-Yun, Shin _933405 |
|
| 245 | 1 | 0 |
_aMi amigo Mong / _cShin Ji-Yun ; il. de Baek Eun-Hee. |
| 260 |
_aMéxico : _bAltea, _cc2007. |
||
| 300 |
_a[29] p. : _bil. col. |
||
| 534 |
_pTítulo original : _tMi friend Mong Mong : |
||
| 650 | 0 |
_aAmistad en la literatura _910763 |
|
| 650 | 7 |
_aLibros ilustrados para niños _2 _921365 |
|
| 905 | _aInfantil | ||
| 999 |
_c168849 _d168849 |
||